| 000 | 00506nam a2200169Ia 4500 | ||
|---|---|---|---|
| 003 | OSt | ||
| 005 | 20200615122421.0 | ||
| 008 | 190216s9999||||xx |||||||||||||| ||und|| | ||
| 020 | _a9789380397047 | ||
| 040 | _coclc | ||
| 082 |
_a301.5 _bJOS/S |
||
| 100 |
_aJoshi, Vinod _92893 |
||
| 245 | 0 |
_aSociology Of Development & Underdevelopment Vol I / _cVinod Joshi |
|
| 260 |
_bParagun Publication, _c2011. _aNew Delhi: |
||
| 300 | _a694p | ||
| 942 |
_cBK _2ddc _h301.5 _iJOS/S _k301.5 _mJOS/S |
||
| 999 |
_c21605 _d21605 |
||